[Event "Tarragona-chB"]
[Site "Tarragona"]
[Date "2017.11.05"]
[Round "6"]
[White "Girones Batiste, Jesus"]
[Black "Cabo Izquierdo, Mario"]
[Result "1-0"]
[WhiteElo "1754"]
[BlackElo "1597"]
[PlyCount "39"]
[EventDate "2017.10.08"]
[EventType "swiss"]
[EventRounds "9"]
[EventCountry "ESP"]
[SourceTitle "CBM 181 Extra"]
[Source "ChessBase"]
[SourceDate "2017.12.12"]
[SourceVersion "1"]
[SourceVersionDate "2017.12.12"]
[SourceQuality "1"]

1. d4 Nf6 2. c4 e5 3. dxe5 Ng4 4. Bf4 Nc6 5. Nf3 Bb4+ 6. Nc3 Qe7 7. Qb3 Na5 8. Qc2 Nxc4 9. a3 Bc5 10. Ne4 d5 11. exd6 Bxd6 12. Bg5 f6 13. Qxc4 fxg5 14. Nxd6+ cxd6 15. e3 Be6 16. Qb5+ Bd7 17. Qxb7 0-0 18. Bb5 Rfd8 19. Bxd7 Rab8 20. Qd5+ 1-0

[Event "Tarragona Province-ch B"]
[Site "Tarragona"]
[Date "2015.09.27"]
[Round "1.9"]
[White "Brusco Paris, Judith"]
[Black "Cabo Izquierdo, Mario"]
[Result "1-0"]
[WhiteElo "1739"]
[BlackElo "1895"]
[PlyCount "48"]
[EventDate "2015.09.27"]
[EventType "swiss"]
[EventRounds "9"]
[EventCountry "ESP"]
[SourceTitle "EXT 2024"]
[Source "ChessBase"]
[SourceDate "2023.10.10"]
[SourceVersion "1"]
[SourceVersionDate "2023.10.10"]
[SourceQuality "1"]

1. d4 Nf6 2. Nf3 d5 3. Bf4 Nc6 4. c3 Bf5 5. e3 e6 6. h3 Bd6 7. Bxd6 Qxd6 8. Nbd2 0-0 9. Nh4 Rfe8 10. Bb5 g5 11. Nxf5 exf5 12. 0-0 g4 13. Kh1 gxh3 14. gxh3 Kh8 15. Rg1 f4 16. Qf3 fxe3 17. fxe3 Qe6 18. Rae1 Rg8 19. Rxg8+ Rxg8 20. Rg1 Ne7 21. Bd3 Rxg1+ 22. Kxg1 Ng6 23. Qg3 Nh5 24. Qf2 Qxh3 1-0